000 00395nam a2200145 i 4500
001 bg
100 1 _aSKURATOWICZ, Jerzy
245 0 _aPrzemiany wewnętrzne i polityka zagraniczna Syrii /
_cJerzy Skuratowicz, Witold Skuratowicz.
260 _aWarszawa,
_c1974.
700 1 _aSKURATOWICZ, Witold
040 _cBPK
041 _apol
942 _cKS
008 s pl f |000 0 pol
999 _c17429
_d17429
856 _uhttp://koha.tu.koszalin.pl/cgi-bin/koha/opac-detail.pl?biblionumber=17429
_yKatalog online BPK